000 00618nam a2200241 a 4500
001 nice12345678
003 IN_TiNIC
005 20260116014441.0
008 050524s2004 newa grp 000 0 eng
020 _a8172317
_c60
082 0 0 _a291
_bFAZ
100 _aFazlie, Murtahin Billah
245 _aHinduism and Islam
260 _aNew Delhi
_bIslamic Book Service
_c2004
300 _a264p
500 _aincludes index and biblioraphy
505 2 _aBibliography, Index
650 _aComparative Religion
700 1 _aFazlie, Murtahin Billah
902 _bSRS
942 _cBK
999 _c15381
_d15381